000 00507nam a22001937a 4500
003 OSt
005 20140310181922.0
008 130718t xxu||||| |||| 00| 0 eng d
020 _a0521537983
050 _aQA 93
_b.In61 2006
082 _aTR 510
_bSm7t 2006
245 _aSMP interact :
_bTeacher's guide to book 7T /
260 _aGreat Britain :
_bCambridge,
_cc2006.
300 _a192 p. :
_bill. ;
_c25 cm.
521 _aFaculty
541 _j1
562 _e1
942 _2lcc
_cBK-TR
_kTR
999 _c7005
_d7005